El Bosco, 1450-1516: entre el cielo y el infierno

Salvato in:
Dettagli Bibliografici
Autore principale: Bosing, Walter (Autore)
Natura: Libro
Lingua:spagnolo
Pubblicazione: Madrid Taschen 2010
Soggetti:
Tags: Aggiungi Tag
Nessun Tag, puoi essere il primo ad aggiungerne!!

MARC

LEADER 00000nam a2200000 a 4500
001 UCG4467
003 CL-VaPUC
008 101104e20100000SP |||||||||||||||||spa|d
020 |a 9783836513388 
082 0 4 |a 759.03  |b BOS  |2 21 
100 0 |a Bosing, Walter  |e author  |9 553759 
245 1 3 |a El Bosco, 1450-1516: entre el cielo y el infierno 
300 |a 96 p 
942 |c BK 
945 |d 20101104 00:00:00  |a mfarfan 
260 |a Madrid  |b Taschen  |c 2010 
600 0 7 |a BOSCH, JERONIMO AEKEN  |2 CL-VaPUC  |9 267700 
650 0 |a Obras ilustradas  |9 265022 
650 7 |a PINTURAS HOLANDESAS  |2 CL-VaPUC  |9 319361 
650 0 |a Cristianismo  |9 257361 
650 0 |a Creación artística   |9 266215 
583 |a last modification  |c 20101104 00:00:00  |k Rodrigo Vera 
999 |c 343171  |d 343169 
952 |0 0  |1 0  |4 0  |6 759_030000000000000_BOS_2010  |7 0  |8 A  |9 440244  |a BIBHIS  |b BIBHIS  |d 2019-11-22  |i 4731131  |o 759.03 BOS 2010  |p 4731131  |r 2025-01-20  |w 2019-11-22  |y BK  |k HIS